O pequeno elefante Memo (Registo nº 1538)
[ vista simples ]
| 000 -Etiqueta do registo | |
|---|---|
| Cabeçalho | 00999nam0a2200289 4500 |
| 005 - Identificador da versão | |
| Campo de controlo | 20240813121839.0 |
| 010 ## - Número internacional normalizado dos livros (ISBN) | |
| Número (ISBN) | 9789892006321 |
| 021 ## - Número do Depósito Legal | |
| Código do país | PT |
| Número | 376505/14 |
| 100 ## - Dados gerais de processamento | |
| Dados gerais de processamento | 20150813d2014 c y0pory5003 ba |
| 102 ## - Pais de publicação ou produção | |
| País de publicação | Portugal |
| 101 0# - Língua de publicação | |
| Língua do texto, banda sonora, etc. | Português |
| -- | Inglês |
| 215 ## - Descrição física | |
| Indicação específica da natureza do documento e extensão da espécie | 20,[2] p., 20, [2] p. converg. |
| Outras indicações físicas | il. color |
| 200 1# - Titulo e menção de responsabilidade | |
| Título próprio | O pequeno elefante Memo |
| Título paralelo | Memo, the baby elephant |
| Primeira menção de responsabilidade | Paula Guimarães |
| Outras menções de responsabilidade | trad. Louis Keil |
| -- | il. Alexandra Pinto Rebelo |
| 205 ## - Menção da edição | |
| Menção da edição | 2ª ed |
| 210 ## - Publicação, Distribuição, etc. | |
| Lugar da edição, distribuição, etc. | Lisboa |
| Nome do editor, distribuidor, etc. | APFADA - Alzheimer Portugal |
| Data da publicação, distribuição, etc. | 2014 |
| 310 ## - Notas relativas à encadernação e modalidade de aquisição | |
| Texto da nota | Exemplar encadernado ao inverso, com a história em língua inglesa |
| 606 ## - Nome comum usado como assunto | |
| Número de registo de entrada de autoridade | 0002010 |
| Palavra de ordem | Literatura portuguesa |
| Subdivisão de assunto | Conto |
| Código do sistema | CA |
| 675 ## - Classificação Decimal Universal (CDU) | |
| Notação | 821.134.3-34 |
| Edição | 3ª ed. |
| Língua da edição | por |
| Notação | 821.134.3-34=111 |
| Edição | 3ª ed. |
| Língua da edição | por |
| 702 #1 - Nome de autor-pessoa física (responsabilidade secundária) | |
| Número de registo de entrada de autoridade | 0002440 |
| Palavra de ordem | Keil |
| Outra parte do nome não tomada para palavra de ordem | Louis |
| Código de função | Tradutor |
| Número de registo de entrada de autoridade | 0002442 |
| Palavra de ordem | Rebelo |
| Outra parte do nome não tomada para palavra de ordem | Alexandra Pinto |
| Código de função | Ilustrador / Técnico de desenho computorizado |
| 700 #1 - Nome de autor-pessoa física (responsabilidade principal) | |
| Número de registo de entrada de autoridade | 0002438 |
| Palavra de ordem | Guimarães |
| Outra parte do nome não tomada para palavra de ordem | Paula |
| 966 ## - Identificação da Biblioteca | |
| Sigla | EB2,3ENM |
| 942 ## - Elementos de entrada adicionados (Koha) | |
| Tipo de item no Koha | Livro |
| Situação do levantamento | Origin of item (home branch) (coded) | Biblioteca de empréstimo | Código de barras | Cota | Circulation type (not for loan) | Tipo de documento | Nota do exemplar | Damaged status |
|---|---|---|---|---|---|---|---|---|
| Biblioteca Escolar Eng. Nuno Mergulhão | Biblioteca Escolar Eng. Nuno Mergulhão | BENM3561 | 82LP-34 GUI | Livro | Sem mensagem |
